Human rights & civil liberties (Record no. 78312)

MARC details
000 -LEADER
fixed length control field 00836nam a22002777a 4500
003 - CONTROL NUMBER IDENTIFIER
control field CBULib
005 - DATE AND TIME OF LATEST TRANSACTION
control field 20240923081244.0
008 - FIXED-LENGTH DATA ELEMENTS--GENERAL INFORMATION
fixed length control field 230511b |||||||| |||| 00| 0 eng d
020 ## - INTERNATIONAL STANDARD BOOK NUMBER
International Standard Book Number 9780198819899
040 ## - CATALOGING SOURCE
Original cataloging agency CBULib
Transcribing agency CBULib
Language of cataloging English
Description conventions rda
041 ## - LANGUAGE CODE
Language code of text/sound track or separate title eng
050 ## - LIBRARY OF CONGRESS CALL NUMBER
Classification number KJ 605 Fos
100 1# - MAIN ENTRY--PERSONAL NAME
Personal name Foster, Steve,
9 (RLIN) 494
Dates associated with a name 1955-
245 ## - TITLE STATEMENT
Title Human rights & civil liberties
Statement of responsibility, etc / by Dr. Steve Foster
250 ## - EDITION STATEMENT
Edition statement Second edition
260 ## - PUBLICATION, DISTRIBUTION, ETC. (IMPRINT)
Place of publication, distribution, etc Oxford :
Name of publisher, distributor, etc Oxford University Press,
Date of publication, distribution, etc 2018
300 ## - PHYSICAL DESCRIPTION
Extent xix, 243 pages : illustrations
336 ## - CONTENT TYPE
Source rdacontent
Content type term Text |
Content type code txt
337 ## - MEDIA TYPE
Source rdamedia
Media type term Unmediated |
Media type code n
338 ## - CARRIER TYPE
Source rdacarrier
Carrier type term Volume
Carrier type code nc
490 ## - SERIES STATEMENT
Series statement Concentrate questions & answers
504 ## - BIBLIOGRAPHY, ETC. NOTE
Bibliography, etc Includes index.
650 #0 - SUBJECT ADDED ENTRY--TOPICAL TERM
Topical term or geographic name as entry element CIVIL RIGHTS--GREAT BRITAIN
9 (RLIN) 495
650 #0 - SUBJECT ADDED ENTRY--TOPICAL TERM
Topical term or geographic name as entry element HUMAN RIGHTS
9 (RLIN) 477
942 ## - ADDED ENTRY ELEMENTS (KOHA)
Koha item type MONOGRAPH
Source of classification or shelving scheme
Holdings
Withdrawn status Lost status Source of classification or shelving scheme Damaged status Not for loan Permanent Location Current Location Shelving location Date acquired Source of acquisition Cost, normal purchase price Full call number Barcode Date last seen Copy number Cost, replacement price Price effective from Koha item type Collection code Total Checkouts
          CBU-MAIN LIBRARY, KITWE. CBU-MAIN LIBRARY, KITWE. General Stacks 05/11/2023 Don-Book Aid 37.32 KJ 605 Fos 751947 05/11/2023 1 44.78 05/11/2023 MONOGRAPH    
          CBU- LUSAKA CAMPUS CBU-MAIN LIBRARY, KITWE. General Stacks 09/23/2024 DON-BOOKAID 37.32 KJ 605 Fos 752722 09/23/2024 2   09/23/2024 MONOGRAPH CBU-Lusaka Campus